Presupuestación de las inversiones en contextos inflacionarios (Registro nro. 10118)

Detalles MARC
000 -LEADER
fixed length control field 00357 a2200109 4500
001 - CONTROL NUMBER
control field ART_40872
005 - DATE AND TIME OF LATEST TRANSACTION
control field 20260410161605.0
008 - FIXED-LENGTH DATA ELEMENTS--GENERAL INFORMATION
fixed length control field 260409a
100 1# - MAIN ENTRY--PERSONAL NAME
Personal name Alonso, Juan Carlos
245 10 - TITLE STATEMENT
Title Presupuestación de las inversiones en contextos inflacionarios
773 0# - HOST ITEM ENTRY
Title Profesional & Empresaria
Related parts - Año XVII, Nº 207 (dic. 2016)
Record control number REV70

No hay ítems disponibles.